000 00374nam a2200157 i 4500
001 bg
100 1 _aBRANDT, N. B.
245 0 _aElektronnaja struktura metallov /
_cN.B. Brandt, S.M. Cudinov.
260 _aMoskva,
_c1973.
700 1 _aCUDINOV, S. M.
040 _cBPK
041 _apol
080 _a538.9
942 _cKS
008 s pl f |000 0 pol
999 _c25964
_d25964
856 _uhttp://koha.tu.koszalin.pl/cgi-bin/koha/opac-detail.pl?biblionumber=25964
_yKatalog online BPK